| 000 | 00701nam a22002297a 4500 | ||
|---|---|---|---|
| 005 | 20010101045638.0 | ||
| 008 | 010101b xxu||||| |||| 00| 0 eng d | ||
| 020 |
_a9788183165938 _c1195 |
||
| 040 | _aLoreto College | ||
| 041 | _aEnglish | ||
| 082 |
_a371.102 _bMAT-SOM |
||
| 100 | _aSomashekar,T.V. | ||
| 245 |
_aMethods Of Teaching Mathematics _cDr.T.V. Somashekar, Dr. G. Viswanathappa, Dr. Anice James |
||
| 260 |
_aNew Delhi _bNeel Kamal _c2015 |
||
| 300 |
_axv,331p. _b23cm |
||
| 504 | _aIncludes bibliographical references and indexes. | ||
| 650 |
_aMathematics _vTeaching Methods |
||
| 700 |
_4Auth _aVishwanathappa,G. |
||
| 700 |
_4Auth _aJames,Anice |
||
| 850 | _aLCBED | ||
| 942 | _cBK | ||
| 999 |
_c40090 _d90569 |
||